Dynamics of molecular collisions.Part B (Record no. 27931)

MARC details
000 -LEADER
fixed length control field 00281nam a2200109Ia 4500
082 ## - DEWEY DECIMAL CLASSIFICATION NUMBER
Classification number 539.6
Item number MIL
100 ## - MAIN ENTRY--AUTHOR NAME
Personal name Millwe, William H
245 #0 - TITLE STATEMENT
Title Dynamics of molecular collisions.Part B
260 ## - PUBLICATION, DISTRIBUTION, ETC. (IMPRINT)
Place of publication London
Name of publisher Plenum
Year of publication 1976
942 ## - ADDED ENTRY ELEMENTS (KOHA)
Koha item type Books
Holdings
Withdrawn status Lost status Damaged status Not for loan Home library Current library Date acquired Cost, normal purchase price Full call number Accession Number Koha item type
        RRII Library RRII Library 16/12/2021 39.50 539.6 MIL 08546 Books